The dove and the bear /

Bibliographic Details
Main Author: Forni, Luigi
Other Authors: Mattei, Tina
Format: Book
Language:English
Published: New York, N.Y. : Hippocrene Books, [1983]
Subjects:

MARC

Tag First Indicator Second Indicator Subfields
LEADER 00000cam a22000007a 4500
001 in00000014570
005 20151007052238.0
008 831108s1983 nyu 00010 eng d
020 |a 0882548336 
035 |a (OCoLC)10106409 
035 |9 AAA6941AM 
040 |a IGA  |c IGA  |d TJC  |d m/c  |d TXA  |d UtOrBLW 
043 |a e-pl---  |a e-ur--- 
049 |a TXAM  |c [A11042907] 
050 4 |a DK4185.S65  |b F675 1983 
100 1 |a Forni, Luigi. 
245 1 4 |a The dove and the bear /  |c Luigi Forni ; translated by Tina Mattei. 
264 1 |a New York, N.Y. :  |b Hippocrene Books,  |c [1983] 
264 4 |c ©1983 
300 |a 159 pages ;  |c 23 cm. 
336 |a text  |b txt  |2 rdacontent 
337 |a unmediated  |b n  |2 rdamedia 
338 |a volume  |b nc  |2 rdacarrier 
651 0 |a Poland  |x Foreign relations  |y 1945- 
651 0 |a Poland  |x Foreign relations  |z Soviet Union. 
651 0 |a Soviet Union  |x Foreign relations  |z Poland. 
600 1 0 |a Brezhnev, Leonid Ilʹich,  |d 1906-1982. 
600 0 0 |a John Paul  |b II,  |c Pope,  |d 1920-2005. 
700 1 |a Mattei, Tina. 
999 |a MARS 
999 f f |s b094c16c-32b1-346d-bc29-d1d9cb482fe2  |i 58cdeb12-498d-3171-abf1-3ea31f73edff  |t 0 
952 f f |p ric  |a Texas A&M University  |b Rellis Campus  |c Joint Library Facility  |d Remote Storage  |t 0  |e DK4185.S65 F675 1983  |h Library of Congress classification  |i unmediated -- volume  |m A14811042907 
998 f f |a DK4185.S65 F675 1983  |t 0  |l Remote Storage